Estadísticas para 15 principales países afectados por Covid19 - 8 de mayo

Haz click aquí para intentar la prueba.

Estadísticas generales

  • Esta prueba ha sido intentada 6 veces
  • La puntuación promedio es 18 de 24

Estadísticas de respuestas

país% Correcto
Brasil
100%
Canadá
100%
China
100%
España
100%
Estados Unidos
100%
Francia
100%
Rusia
100%
Alemania
80%
Italia
80%
Países Bajos
80%
Perú
80%
Portugal
80%
Reino Unido
80%
Suecia
80%
Suiza
80%
Bélgica
60%
India
60%
Irán
60%
Irlanda
60%
Baréin
40%
Catar
40%
Singapur
40%
Turquía
40%
Bielorrusia
20%

Distribución de puntuación

Porcentaje por número respondido

Porcentaje de gente con cada puntuación

Historial de tus puntuaciones

No has intentado esta prueba.